000 00265nam a2200097Ia 4500
008 220204s9999 xx 000 0 und d
082 _a0582010
_bMAT
245 0 _aMathrubhumi yearbook 2010
260 _aKozhikode
_bMathrubhumi Printing & Publishing
_c2010
942 _cBK
999 _c42888
_d42888